书目信息 |
| 题名: |
动植物生活中的微量元素
|
|
| 作者: | 维诺格拉多夫 , Виноградов 主编 ;邓鸿举 译 | |
| 分册: | 下册 | |
| 出版信息: | 北京 科学出版社 1958 |
|
| 页数: | 246页 | |
| 开本: | 20cm | |
| 丛书名: | ||
| 单 册: | ||
| 中图分类: | Q581 | |
| 科图分类: | ||
| 主题词: | 动物--微量元素 , 植物--微量元素 | |
| 电子资源: | ||
| ISBN: | 13031.853 | |
| 000 | 00924cam0 2200265 450 | |
| 001 | 0105432309 | |
| 005 | 20071126162957.0 | |
| 010 | @a13031.853@dCNY1.30 | |
| 091 | @a13031.853@b精装@dCNY1.30 | |
| 100 | @a19970303d1958 em y0chiy0110 ea | |
| 101 | 1 | @achi@crus |
| 102 | @aCN@b110000 | |
| 105 | @ay z 000yy | |
| 106 | @ar | |
| 200 | 1 | @a动植物生活中的微量元素@9Dong Zhi Wu Sheng Huo Zhong De;Di Wei Liang Yuan Su @f(苏)维诺格拉多夫(А.П.Виноградов)主编@g邓鸿举等译@h下册@b专著 |
| 210 | @a北京@c科学出版社@d1958 | |
| 215 | @a246页@d20cm | |
| 606 | 0 | @a动物@x微量元素 |
| 606 | 0 | @a植物@x微量元素 |
| 690 | @aQ581@v3 | |
| 701 | 1 | @c(苏)@a维诺格拉多夫@c(Виноградов, Александр Павлович@f1895~1975)@9wei nuo ge la duo fu@4主编 |
| 701 | 1 | @aВиноградов@bА.П.@4主编 |
| 702 | 0 | @a邓鸿举@9deng hong ju@4译 |
| 801 | 0 | @aCN@bAiZhiMarc |
| 905 | @aBZT@dQ581@e1@f2@sQ581/1 | |
| 动植物生活中的微量元素/(苏)维诺格拉多夫(А.П.Виноградов)主编/邓鸿举等译.下册.-北京:科学出版社,1958 |
| 246页;20cm |
| ISBN 13031.853:CNY1.30 |
| ● |
| 相关链接 |
|
|
|
正题名:动植物生活中的微量元素
索取号:Q581/1
 
预约/预借
| 序号 | 登录号 | 条形码 | 馆藏地/架位号 | 状态 | 备注 |
| 1 | 2000040605 | 2000040605 | 旧书回溯/ [索取号:Q581/1] | 在馆 | |
| 2 | 2000040606 | 2000040606 | 旧书回溯/ [索取号:Q581/1] | 在馆 |